000 00483nam a2200181Ia 4500
008 230917s9999||||xx |||||||||||||| ||und||
020 _cRS 1395.00
040 _e5011296
_aMAIN
041 _aEnglish
082 _a152 C197P(12)
100 _aCarlson, Neil R
245 0 _aPhysiology of behavior
250 _a12th ed.
260 _aNoida
_bPearson India Education Services
_c2021
300 _a736 p.
500 _a4081 28/09/2021 HBD21/8856 28/09/2021 Main Budget
942 _cBK
999 _c2351
_d2351